[Event "SportAccord Basque 2014"]
[Site "Beijing CHN"]
[Date "2014.12.17"]
[Round "4.12"]
[White "Aronian, Levon"]
[Black "Wojtaszek, Radoslaw"]
[Result "1/2-1/2"]
[WhiteTitle "GM"]
[BlackTitle "GM"]
[WhiteElo "2797"]
[BlackElo "2744"]
[WhiteFideId "13300474"]
[BlackFideId "1118358"]
[EventDate "2014.12.16"]

1. c4 Nf6 2. Nc3 e6 3. e4 d5 4. e5 d4 5. exf6 dxc3 6. Nf3 Nc6 7. fxg7 cxd2+ 8.
Bxd2 Bxg7 9. Qc2 Nd4 10. Nxd4 Bxd4 11. Be2 Qf6 12. O-O Bd7 13. Bf3 O-O-O 14. Qb3
c6 15. Be3 e5 16. Qa3 Kb8 17. Bxd4 exd4 18. Be4 Be6 19. Qd3 h5 20. Rae1 h4 21.
b3 Rhe8 22. Qd2 Bc8 23. h3 Re5 24. f4 Re7 25. Bd3 Rxe1 26. Qxe1 Rg8 27. Rf3 Bd7
28. Qe5+ Qxe5 29. fxe5 Rg5 30. Kf2 Be6 31. Rf4 c5 32. Rxh4 Rxe5 33. Re4 Rh5 34.
h4 Kc7 35. Be2 Rh6 36. h5 f5 37. Rf4 Kd6 38. Kg3 Ke5 39. Rf1 Bf7 40. Kh4 d3 41.
Bxd3 Rxh5+ 42. Kg3 Rg5+ 43. Kf2 Kd4 44. Rd1 Ke5 45. Be2 Be6 46. Bf3 Rg7 47. Bd5
Kf6 48. Bxe6 Kxe6 49. Rd8 Rd7 50. Rxd7 Kxd7 51. Ke3 Ke6 52. Kf4 Kf6 53. g3 b6
54. Kf3 Kg5 55. Kg2 Kg4 56. Kf2 f4 57. gxf4 Kxf4 58. Ke2 Ke4 59. Kd2 Kd4 60. Kc2
a6 61. Kd2 Ke4 62. Ke2 Kd4 1/2-1/2

[Event "SportAccord Basque 2014"]
[Site "Beijing CHN"]
[Date "2014.12.17"]
[Round "4.13"]
[White "Ivanchuk, Vassily"]
[Black "Wang, Hao"]
[Result "1/2-1/2"]
[WhiteTitle "GM"]
[BlackTitle "GM"]
[WhiteElo "2704"]
[BlackElo "2710"]
[WhiteFideId "14100010"]
[BlackFideId "8602883"]
[EventDate "2014.12.16"]

1. c4 e5 2. Nc3 Nf6 3. Nf3 Nc6 4. g3 Nd4 5. Bg2 Nxf3+ 6. Bxf3 Bc5 7. Na4 Be7 8.
d4 d6 9. Nc3 c6 10. O-O Bh3 11. Re1 O-O 12. b3 Re8 13. Bb2 Qc7 14. Rc1 Rad8 15.
d5 c5 16. e4 g6 17. Rc2 Qc8 18. Bc1 h5 19. Bg2 h4 20. Qd3 hxg3 21. fxg3 Kg7 22.
Rf1 Bxg2 23. Rxg2 Qg4 24. Rgf2 Rh8 25. Nd1 Rdf8 26. Re2 Rh5 27. Nf2 Qd7 28. Qf3
Nh7 29. h4 f5 30. exf5 Rhxf5 31. Qg2 b5 32. Be3 R5f7 33. Rc1 a6 34. Qh3 Qxh3 35.
Nxh3 g5 36. h5 g4 37. Nf2 Nf6 38. Kg2 Nxh5 39. Nxg4 Rh8 40. a4 b4 41. Rf2 Rxf2+
42. Nxf2 Nf6 43. g4 Kg6 44. Rf1 Bf8 45. Rg1 Be7 46. Kf3 Rf8 47. Kg2 Rh8 48. Rh1
Rxh1 49. Kxh1 Bf8 50. Kg2 Bh6 51. Bxh6 Kxh6 52. Kf3 Nh7 53. Nd1 Ng5+ 54. Ke2 Ne4
55. Ke3 Nc3 56. Nf2 Kg5 57. Kf3 Kh4 58. Ke3 Kg5 59. Kf3 Kh4 60. Ke3 Kg5 61. Kf3
Kh4 62. a5 Kg5 63. Nh3+ Kh4 64. Nf2 Kg5 65. Nh3+ 1/2-1/2

[Event "SportAccord Basque 2014"]
[Site "Beijing CHN"]
[Date "2014.12.17"]
[Round "4.14"]
[White "Wang, Hao"]
[Black "Ivanchuk, Vassily"]
[Result "1-0"]
[WhiteTitle "GM"]
[BlackTitle "GM"]
[WhiteElo "2710"]
[BlackElo "2704"]
[WhiteFideId "8602883"]
[BlackFideId "14100010"]
[EventDate "2014.12.16"]

1. d4 Nf6 2. c4 e6 3. Nc3 Bb4 4. e3 b6 5. Nf3 Ne4 6. Qc2 Bb7 7. Bd3 f5 8. O-O
Bxc3 9. bxc3 O-O 10. Nd2 Qh4 11. f3 Ng5 12. d5 Na6 13. Ba3 d6 14. f4 Nf7 15.
dxe6 Nh6 16. Nf3 Qf6 17. Ng5 Ng4 18. Rae1 h6 19. Nf3 Qxe6 20. Nd4 Qf7 21. Bxf5
Qh5 22. h3 Nf6 23. e4 Qh4 24. Be6+ Kh8 25. Nf5 Qh5 26. e5 Ng8 27. exd6 c5 28.
Ne7 Nxe7 29. dxe7 Rf6 30. Bd5 Bxd5 31. cxd5 Nc7 32. c4 Ne8 33. Bb2 Rd6 34. f5
Qf7 35. Re6 1-0

[Event "SportAccord Basque 2014"]
[Site "Beijing CHN"]
[Date "2014.12.17"]
[Round "4.15"]
[White "Bacrot, Etienne"]
[Black "Ponomariov, Ruslan"]
[Result "0-1"]
[WhiteTitle "GM"]
[BlackTitle "GM"]
[WhiteElo "2718"]
[BlackElo "2714"]
[WhiteFideId "605506"]
[BlackFideId "14103320"]
[EventDate "2014.12.16"]

1. d4 d5 2. c4 e6 3. Nf3 Nf6 4. Nc3 c6 5. Bg5 Nbd7 6. e3 Qa5 7. cxd5 Nxd5 8. Qd2
Bb4 9. Rc1 h6 10. Bh4 c5 11. Bc4 N7b6 12. Bb5+ Bd7 13. Bxd7+ Nxd7 14. O-O cxd4
15. Qxd4 Bxc3 16. bxc3 O-O 17. c4 N5f6 18. Rfd1 Rac8 19. e4 e5 20. Qb2 Rc7 21.
Bxf6 Nxf6 22. Nxe5 Re8 23. Nf3 Nxe4 24. Rd5 Qa4 25. Qb3 Qc6 26. Rd4 Rce7 27. h3
Nc5 28. Qc3 Re4 29. Rcd1 b6 30. Rd6 Qa4 31. R6d2 Qxc4 32. Qa1 Re2 33. Rd4 Qxa2 0-1

[Event "SportAccord Basque 2014"]
[Site "Beijing CHN"]
[Date "2014.12.17"]
[Round "4.16"]
[White "Ponomariov, Ruslan"]
[Black "Bacrot, Etienne"]
[Result "1/2-1/2"]
[WhiteTitle "GM"]
[BlackTitle "GM"]
[WhiteElo "2714"]
[BlackElo "2718"]
[WhiteFideId "14103320"]
[BlackFideId "605506"]
[EventDate "2014.12.16"]

1. d4 Nf6 2. c4 g6 3. f3 Bg7 4. e4 d6 5. Nc3 O-O 6. Bg5 c5 7. d5 e6 8. Qd2 exd5
9. cxd5 h6 10. Be3 Re8 11. Nge2 Nbd7 12. Ng3 h5 13. Be2 a6 14. a4 Nh7 15. O-O h4
16. Nh1 f5 17. Nf2 Ne5 18. f4 Nf7 19. exf5 Bxf5 20. Rae1 Qd7 21. a5 Re7 22. Bd1
Rae8 23. Bb3 Nh6 24. h3 Qd8 25. Na4 Kh8 26. Nb6 Nf6 27. Ba4 Rf8 28. b4 Nh5 29.
Nh1 cxb4 30. Qxb4 Bd3 31. Rf3 Be4 32. Rff1 Bd3 33. Rf3 Nf5 34. Bf2 Be2 35. Ra3
Nfg3 36. Nxg3 Rxf4 37. Qd2 hxg3 38. Be3 Qf8 39. Bxf4 Nxf4 40. Rxg3 Re4 41. Kh1
Nh5 42. Rxg6 Qf5 43. Qg5 Qf2 44. Rc1 Bg4 45. Rxg7 Re1+ 46. Rxe1 Qxe1+ 47. Kh2
Qg3+ 48. Kh1 Qe1+ 49. Kh2 Qg3+ 1/2-1/2

[Event "SportAccord Basque 2014"]
[Site "Beijing CHN"]
[Date "2014.12.17"]
[Round "5.1"]
[White "Nepomniachtchi, Ian"]
[Black "Vachier-Lagrave, Maxime"]
[Result "1/2-1/2"]
[WhiteTitle "GM"]
[BlackTitle "GM"]
[WhiteElo "2714"]
[BlackElo "2758"]
[WhiteFideId "4168119"]
[BlackFideId "623539"]
[EventDate "2014.12.16"]

1. e4 c5 2. Nf3 Nc6 3. Bb5 d6 4. O-O Bd7 5. c3 Nf6 6. Re1 a6 7. Ba4 b5 8. Bc2 e5
9. a4 Be7 10. axb5 axb5 11. Rxa8 Qxa8 12. Na3 Qb7 13. h3 O-O 14. d4 cxd4 15.
cxd4 Rc8 16. Bb1 exd4 17. Nxd4 Nxd4 18. Qxd4 d5 19. exd5 Qxd5 20. Qxd5 Nxd5 21.
Be4 Nf6 22. Bd3 b4 23. Nc4 Bc5 24. Be3 Bxe3 25. Nxe3 g6 26. Bc4 Rc6 27. Ra1 Be6
28. Bxe6 Rxe6 29. Ra8+ Kg7 30. Rb8 Re4 31. b3 Rd4 32. Nc4 Ne4 33. f3 Nc5 34.
Rxb4 Nxb3 35. Rxb3 1/2-1/2

[Event "SportAccord Basque 2014"]
[Site "Beijing CHN"]
[Date "2014.12.17"]
[Round "5.2"]
[White "Vachier-Lagrave, Maxime"]
[Black "Nepomniachtchi, Ian"]
[Result "1/2-1/2"]
[WhiteTitle "GM"]
[BlackTitle "GM"]
[WhiteElo "2758"]
[BlackElo "2714"]
[WhiteFideId "623539"]
[BlackFideId "4168119"]
[EventDate "2014.12.16"]

1. d4 Nf6 2. c4 g6 3. Nc3 d5 4. Bg5 Bg7 5. Bxf6 Bxf6 6. cxd5 c5 7. Nf3 cxd4 8.
Nxd4 O-O 9. e3 Qb6 10. Qd2 Rd8 11. Bc4 Na6 12. O-O Bd7 13. Rfd1 Rac8 14. Qe2 Nc5
15. Rd2 a6 16. a3 Na4 17. Ne4 Bg7 18. h4 Be8 19. h5 Nc5 20. Nc3 Na4 21. hxg6
hxg6 22. Ne4 Nc5 23. Nc3 Na4 24. Rc1 Nxc3 25. Rxc3 Rc7 26. Qd3 Rdc8 27. Rdc2 Ba4
28. b3 Bd7 29. Rc1 Bxd4 30. exd4 Kg7 31. Qe3 Qd6 32. a4 b5 33. axb5 axb5 34. Be2
Rxc3 35. Rxc3 Rxc3 36. Qxc3 Qxd5 37. b4 Qe4 38. Bf3 Qf4 39. Qc5 Bf5 40. Qxb5
Qxd4 41. Qc5 Qxc5 42. bxc5 Kf6 43. Kf1 Ke5 44. Ke2 Kd4 45. c6 Kc5 46. Ke3 g5 47.
g3 Kd6 48. Be4 Bh3 49. f4 gxf4+ 50. gxf4 Bf1 51. Bf3 Bb5 52. Bh5 f6 53. Bf3 Bxc6
54. Be2 e5 1/2-1/2

[Event "SportAccord Basque 2014"]
[Site "Beijing CHN"]
[Date "2014.12.17"]
[Round "5.5"]
[White "Leko, Peter"]
[Black "Dominguez Perez, Leinier"]
[Result "1/2-1/2"]
[WhiteTitle "GM"]
[BlackTitle "GM"]
[WhiteElo "2723"]
[BlackElo "2726"]
[WhiteFideId "703303"]
[BlackFideId "3503240"]
[EventDate "2014.12.16"]

1. e4 e5 2. Nf3 Nf6 3. Nxe5 d6 4. Nf3 Nxe4 5. Nc3 Nxc3 6. dxc3 Be7 7. Be3 Nc6 8.
Qd2 Be6 9. O-O-O Qd7 10. Kb1 a6 11. Be2 Bf6 12. Rhe1 O-O-O 13. h3 h6 14. Nd4
Bxd4 15. Bxd4 f6 16. Be3 Rhe8 17. b3 Qf7 18. Bf1 Bf5 19. Kb2 Re7 20. f3 Rde8 21.
Bf2 Rxe1 22. Rxe1 Rxe1 23. Bxe1 Qe7 24. Bf2 Qe5 25. Qe3 Qxe3 26. Bxe3 Kd7 27. a3
Be6 28. c4 Ne7 29. Kc3 a5 30. Bf2 b6 31. g4 Ng6 32. Bg3 Ne7 33. Bd3 h5 34. Bf1
hxg4 35. hxg4 g5 36. Bd3 Nc6 37. Be4 Ne5 38. Kd2 Ke7 39. Kc3 Kd7 40. Kd2 Ke7 41.
Kc3 Kd7 42. Kd2 1/2-1/2

[Event "SportAccord Basque 2014"]
[Site "Beijing CHN"]
[Date "2014.12.17"]
[Round "5.6"]
[White "Dominguez Perez, Leinier"]
[Black "Leko, Peter"]
[Result "1/2-1/2"]
[WhiteTitle "GM"]
[BlackTitle "GM"]
[WhiteElo "2726"]
[BlackElo "2723"]
[WhiteFideId "3503240"]
[BlackFideId "703303"]
[EventDate "2014.12.16"]

1. e4 e5 2. Nf3 Nc6 3. Bb5 Nf6 4. O-O Nxe4 5. Re1 Nd6 6. Nxe5 Be7 7. Bf1 Nxe5 8.
Rxe5 O-O 9. Nc3 Ne8 10. Nd5 Bd6 11. Re1 c6 12. Ne3 Bc7 13. Nf5 d5 14. Ne7+ Kh8
15. Nxc8 Rxc8 16. d3 Nf6 17. Bd2 Qd7 18. g3 Rce8 19. Qf3 Kg8 20. Rxe8 Rxe8 21.
Re1 Rxe1 22. Bxe1 Qe6 23. Qe2 Qxe2 24. Bxe2 Bd6 25. Kg2 g6 26. Bc3 Ne8 27. h4 h5
28. f4 f5 29. Bd4 a6 30. c4 Kf7 31. Bf3 Ke6 32. Kf2 Nf6 33. Bxf6 Kxf6 34. cxd5
Bc5+ 35. Ke2 cxd5 36. Bxd5 b6 37. a4 a5 38. b3 Bd4 39. Kf3 Bc5 40. Bc4 Bd4 41.
Bd5 Bc5 42. Bc4 Bd4 43. Bd5 Bc5 1/2-1/2

[Event "SportAccord Basque 2014"]
[Site "Beijing CHN"]
[Date "2014.12.17"]
[Round "5.9"]
[White "Wang, Hao"]
[Black "Aronian, Levon"]
[Result "1-0"]
[WhiteTitle "GM"]
[BlackTitle "GM"]
[WhiteElo "2710"]
[BlackElo "2797"]
[WhiteFideId "8602883"]
[BlackFideId "13300474"]
[EventDate "2014.12.16"]

1. d4 Nf6 2. c4 g6 3. Nc3 d5 4. Nf3 Bg7 5. Qb3 dxc4 6. Qxc4 O-O 7. e4 Nc6 8. Be2
e5 9. d5 Nd4 10. Nxd4 exd4 11. Qxd4 c6 12. d6 Re8 13. Qd3 b5 14. f3 Re6 15. Qc2
Rxd6 16. Bf4 Rd7 17. Be3 Bb7 18. O-O Qe7 19. Nd1 Bf8 20. Nf2 Nd5 21. exd5 Qxe3
22. dxc6 Rc8 23. Qe4 Qxe4 24. Nxe4 Bxc6 25. Nf6+ Kg7 26. Nxd7 Bxd7 27. Rfc1 Re8
28. Kf1 Bd6 29. Rd1 Re6 30. g3 Be8 31. Rac1 Be5 32. b3 a6 33. f4 Bf6 34. Bg4 Re7
35. Re1 b4 36. Rxe7 Bxe7 37. Rc7 Bd6 38. Rc8 Bb5+ 39. Be2 Bd7 40. Ra8 Bh3+ 41.
Ke1 Bc5 42. Rxa6 h5 43. Rc6 Bg1 44. Rc4 f6 45. Rxb4 Kh6 46. a4 g5 47. fxg5+ Kxg5
48. Rh4 1-0

[Event "SportAccord Basque 2014"]
[Site "Beijing CHN"]
[Date "2014.12.17"]
[Round "5.10"]
[White "Aronian, Levon"]
[Black "Wang, Hao"]
[Result "1-0"]
[WhiteTitle "GM"]
[BlackTitle "GM"]
[WhiteElo "2797"]
[BlackElo "2710"]
[WhiteFideId "13300474"]
[BlackFideId "8602883"]
[EventDate "2014.12.16"]

1. Nf3 d5 2. d4 Nf6 3. c4 e6 4. Nc3 Nbd7 5. Bf4 dxc4 6. e3 a6 7. a4 Bd6 8. Bg5
h6 9. Bh4 b6 10. Bxc4 Bb7 11. O-O O-O 12. Qe2 Be7 13. Rfd1 Ne4 14. Nxe4 Bxh4 15.
d5 e5 16. Nxh4 Qxh4 17. Ng3 g6 18. Rac1 Kg7 19. Bd3 Qd8 20. a5 Nf6 21. axb6 cxb6
22. e4 Qd6 23. Nf1 b5 24. Nd2 Rfc8 25. Bb1 Nd7 26. Qe3 a5 27. g3 a4 28. h4 h5
29. Nf3 b4 30. Bd3 Rxc1 31. Rxc1 a3 32. bxa3 bxa3 33. Ra1 Qb4 34. Qd2 Qb3 35.
Rb1 Qa4 36. Qa2 Ba6 37. Bxa6 Rxa6 38. Rc1 Qxe4 39. Ng5 Qf5 40. Rc7 Rd6 41. Rc6
Qf6 42. Ne6+ Rxe6 43. dxe6 Nf8 44. Qxa3 Nxe6 45. Qd3 Qe7 46. Qd5 Kf6 47. Kg2 Qa7
48. Rc3 Qd4 49. Rf3+ Kg7 50. Qb7 Nd8 51. Qe7 Qd5 52. Qf6+ Kg8 53. Kh2 Qa8 54.
Rc3 Ne6 55. Qxe5 Qd8 56. Rb3 Nf8 57. Rb8 Qd2 58. Qc5 Qh6 59. Qe7 Qg7 60. Kg2 Qh6
61. Kf3 Qg7 62. Ke2 Qh6 63. Kd3 Qg7 64. Kc4 Qh6 65. f4 Qg7 66. Kd5 Qh6 67. Qf6
Qg7 68. Ke5 Kh7 69. Rb7 Kg8 70. Qxg7+ Kxg7 71. f5 Nh7 72. fxg6 Kxg6 73. Rb6+ f6+
74. Ke6 Nf8+ 75. Ke7 Nh7 76. Rb5 1-0

[Event "SportAccord Basque 2014"]
[Site "Beijing CHN"]
[Date "2014.12.17"]
[Round "5.11"]
[White "Ponomariov, Ruslan"]
[Black "Wang, Yue"]
[Result "1/2-1/2"]
[WhiteTitle "GM"]
[BlackTitle "GM"]
[WhiteElo "2714"]
[BlackElo "2720"]
[WhiteFideId "14103320"]
[BlackFideId "8601429"]
[EventDate "2014.12.16"]

1. d4 Nf6 2. c4 e6 3. Nf3 d5 4. Nc3 c5 5. cxd5 Nxd5 6. e4 Nxc3 7. bxc3 cxd4 8.
cxd4 Bb4+ 9. Bd2 Bxd2+ 10. Qxd2 O-O 11. Bc4 Nd7 12. O-O b6 13. Rfe1 Bb7 14. Rad1
Rc8 15. Bb3 Qf6 16. Qe3 Rfd8 17. h3 h6 18. Nh2 Qh4 19. Nf3 Qf6 20. d5 e5 21. Ba4
Nc5 22. Bb5 Rc7 23. Qa3 a6 24. Bf1 Qd6 25. Re3 Nxe4 26. Qb2 Nf6 27. Nxe5 Nxd5
28. Bc4 Qf6 29. Rf3 Qg5 30. Rg3 Qf6 31. Rf3 Qg5 32. Rg3 Qf6 33. Rf3 Qg5 1/2-1/2

[Event "SportAccord Basque 2014"]
[Site "Beijing CHN"]
[Date "2014.12.17"]
[Round "5.12"]
[White "Wang, Yue"]
[Black "Ponomariov, Ruslan"]
[Result "1/2-1/2"]
[WhiteTitle "GM"]
[BlackTitle "GM"]
[WhiteElo "2720"]
[BlackElo "2714"]
[WhiteFideId "8601429"]
[BlackFideId "14103320"]
[EventDate "2014.12.16"]

1. d4 d5 2. c4 c6 3. Nf3 Nf6 4. Nc3 e6 5. g3 dxc4 6. Bg2 Nbd7 7. a4 Be7 8. O-O
O-O 9. e4 b6 10. Qe2 a5 11. Rd1 Ba6 12. Bf4 Re8 13. Nd2 Bf8 14. h3 Rc8 15. Be3
e5 16. Nxc4 exd4 17. Bxd4 Qc7 18. b3 Bc5 19. Qc2 Bxc4 20. bxc4 Bxd4 21. Rxd4 Nc5
22. Rad1 g6 23. f4 Nh5 24. Kh2 Rcd8 25. e5 Rxd4 26. Rxd4 f6 27. Rd6 Re6 28. Rxe6
Nxe6 29. Qe4 fxe5 30. Qxe5 Qxe5 31. fxe5 Nd4 32. Ne4 Kf8 33. Kg1 b5 34. cxb5
cxb5 35. axb5 Nxb5 36. Kf2 a4 37. Bf1 a3 38. Bc4 Nd4 39. Nc3 Nc6 40. Nb5 Nxe5
41. Nxa3 Nf6 42. Be2 Ne4+ 43. Kg2 Nc3 44. Nc4 1/2-1/2

[Event "SportAccord Basque 2014"]
[Site "Beijing CHN"]
[Date "2014.12.17"]
[Round "5.13"]
[White "Gelfand, Boris"]
[Black "Wojtaszek, Radoslaw"]
[Result "1/2-1/2"]
[WhiteTitle "GM"]
[BlackTitle "GM"]
[WhiteElo "2743"]
[BlackElo "2744"]
[WhiteFideId "2805677"]
[BlackFideId "1118358"]
[EventDate "2014.12.16"]

1. d4 Nf6 2. c4 e6 3. Nf3 d5 4. Nc3 Bb4 5. Bg5 h6 6. Bxf6 Qxf6 7. e3 O-O 8. Rc1
dxc4 9. Bxc4 c5 10. O-O cxd4 11. Ne4 Qe7 12. Nxd4 Bd7 13. Bd3 Nc6 14. a3 Ba5 15.
Nb3 Bb6 16. Nec5 Be8 17. Be4 Rc8 18. Rc3 Rc7 19. Qc1 f5 20. Bb1 Ne5 21. Nd3 Nxd3
22. Bxd3 Bc6 23. Nd4 Bxd4 24. exd4 Rd7 25. Qe3 f4 26. Qh3 Rxd4 27. Re1 e5 28. f3
Rfd8 29. Qf5 e4 30. Bxe4 Bxe4 31. fxe4 Rf8 32. Rc8 Rdd8 33. Rxd8 Qxd8 34. Qd5+
Qxd5 35. exd5 Rd8 36. Re5 Kf7 37. Rf5+ Kg6 38. Rxf4 Rxd5 39. h3 b6 40. Rb4 Kf5
41. Kf2 Rd2+ 42. Kf3 g5 43. Rb5+ Kf6 44. a4 h5 45. a5 bxa5 46. Rxa5 Rxb2 1/2-1/2

[Event "SportAccord Basque 2014"]
[Site "Beijing CHN"]
[Date "2014.12.17"]
[Round "5.14"]
[White "Wojtaszek, Radoslaw"]
[Black "Gelfand, Boris"]
[Result "1/2-1/2"]
[WhiteTitle "GM"]
[BlackTitle "GM"]
[WhiteElo "2744"]
[BlackElo "2743"]
[WhiteFideId "1118358"]
[BlackFideId "2805677"]
[EventDate "2014.12.16"]

1. Nf3 d5 2. d4 Nf6 3. c4 c6 4. e3 Bf5 5. Nc3 e6 6. Nh4 Be4 7. f3 Bg6 8. Qb3 Qc7
9. Bd2 Be7 10. g3 O-O 11. Rc1 Qd7 12. Nxg6 hxg6 13. Be2 Rd8 14. cxd5 cxd5 15.
O-O Nc6 16. Na4 e5 17. Nc5 Bxc5 18. dxc5 Qe7 19. Rfd1 e4 20. Bc3 exf3 21. Bxf3
Qxe3+ 22. Kg2 Ne4 23. Be1 Qxb3 24. axb3 f5 25. b4 a6 26. Be2 Kf7 27. b5 axb5 28.
Bxb5 Ra2 29. Rc2 Ke6 30. Re2 Ne5 31. Bd3 Nxc5 32. Bc3 Ne4 33. Bxe4 fxe4 34. Rxe4
dxe4 35. Rxd8 Nd3 36. Bxg7 b5 37. Kf1 Ra1+ 38. Ke2 Re1+ 39. Kd2 e3+ 40. Kc3 e2
41. Kd2 Rh1 42. Kxe2 Nxb2 43. h4 Nc4 44. Rb8 Nd6 45. Rb6 Kf7 46. Be5 Nc4 47.
Rxb5 Nxe5 48. Rxe5 Ra1 49. Kf3 Kf6 50. Re4 Ra5 51. Kg4 Rb5 52. Rd4 Ra5 53. Kf4
Rf5+ 54. Ke4 Re5+ 55. Kf3 Ra5 56. g4 Ra7 57. Rd6+ Kg7 58. Re6 Kf7 59. Re5 Kf6
60. Kf4 Ra1 61. Re3 Rf1+ 62. Rf3 Ra1 63. Ke4+ Kg7 64. Rd3 Rh1 65. Rd7+ Kf6 66.
Rd6+ Kg7 67. Kf4 Ra1 68. Rd5 Ra7 69. Kg5 Rb7 70. Re5 Ra7 71. Rb5 Rc7 72. Re5 Ra7
73. Re6 Ra5+ 74. Kf4 Ra4+ 75. Re4 Ra7 76. Rd4 Re7 77. Rd6 Ra7 78. Ke5 Kf7 79.
Rf6+ Kg7 80. Rc6 Kf7 81. Rd6 Re7+ 82. Kf4 Kg7 83. Kg5 Re5+ 84. Kf4 Re7 1/2-1/2

[Event "SportAccord Basque 2014"]
[Site "Beijing CHN"]
[Date "2014.12.17"]
[Round "5.15"]
[White "Ivanchuk, Vassily"]
[Black "Bacrot, Etienne"]
[Result "0-1"]
[WhiteTitle "GM"]
[BlackTitle "GM"]
[WhiteElo "2704"]
[BlackElo "2718"]
[WhiteFideId "14100010"]
[BlackFideId "605506"]
[EventDate "2014.12.16"]

1. e4 e5 2. f4 exf4 3. Bc4 d5 4. exd5 Qh4+ 5. Kf1 Bd6 6. Nc3 Ne7 7. d4 O-O 8.
Nf3 Qh6 9. Ne4 Bg4 10. Nf2 Bc8 11. Bb3 b5 12. a4 b4 13. c4 bxc3 14. bxc3 Nf5 15.
Bc2 Ne3+ 16. Bxe3 fxe3 17. Ne4 Nd7 18. Qd3 f5 19. Neg5 Nf6 20. Ne6 Bxe6 21. dxe6
Nh5 22. Re1 Ng3+ 23. Kg1 Nxh1 24. Rxe3 Rae8 25. Kxh1 Re7 26. Kg1 g5 27. Bb3 f4
28. Re2 g4 29. Ne5 f3 30. gxf3 Bxe5 31. Rxe5 gxf3 32. Qe3 Rf4 33. Qf2 Rg4+ 34.
Kf1 Qc1+ 35. Re1 Qxc3 36. Re3 Qc1+ 37. Re1 Qh6 38. Re3 Qh3+ 39. Ke1 Rf4 40. Qg3+
Qxg3+ 41. hxg3 Rxd4 42. Rxf3 Kg7 43. Rc3 Rb4 44. Kd2 Kf6 45. Kc2 Kg5 46. Rf3 Kg4
47. Rf7 Rxf7 48. exf7 Rb8 49. Kc3 Kxg3 50. Kd4 Kf4 51. Kd5 Kf5 52. Kc6 h5 53.
Kxc7 Rf8 54. Kb7 a5 55. Kb6 h4 56. Kxa5 Ke5 57. Kb6 h3 58. Kc6 h2 59. Bd5 Rxf7
60. a5 Ra7 61. Kb5 0-1

[Event "SportAccord Basque 2014"]
[Site "Beijing CHN"]
[Date "2014.12.17"]
[Round "5.16"]
[White "Bacrot, Etienne"]
[Black "Ivanchuk, Vassily"]
[Result "1/2-1/2"]
[WhiteTitle "GM"]
[BlackTitle "GM"]
[WhiteElo "2718"]
[BlackElo "2704"]
[WhiteFideId "605506"]
[BlackFideId "14100010"]
[EventDate "2014.12.16"]

1. d4 e6 2. c4 b6 3. e4 Bb7 4. Bd3 Bb4+ 5. Bd2 Bxd2+ 6. Qxd2 f5 7. Nc3 fxe4 8.
Bxe4 Bxe4 9. Nxe4 Nf6 10. Ng3 c5 11. Nf3 Nc6 12. O-O cxd4 13. Nxd4 Nxd4 14. Qxd4
Qc7 15. Rad1 Qc5 16. Qd3 O-O 17. Rd2 Rf7 18. Qd4 a5 19. Re1 Rc8 20. b3 Rc6 21.
Re5 Qxd4 22. Rxd4 d5 23. f3 dxc4 24. Rxc4 Rxc4 25. bxc4 Rc7 26. Rxe6 Rxc4 27.
Rxb6 Rc1+ 28. Nf1 Ra1 29. Rb2 Nd5 30. Kf2 Nb4 31. Ke2 Rxa2 32. Rxa2 Nxa2 33. Kd3
Kf7 34. Kc4 Ke6 35. Kb5 Ke5 36. Kxa5 Kd4 37. Kb6 Kd3 38. Ng3 Nc3 39. Kc5 Ke3 40.
Nf5+ Kf2 41. Nxg7 Kxg2 42. Kd4 Kxh2 43. Nh5 Kg2 44. Kxc3 Kxf3 45. Kd4 h6 46. Ng7
h5 47. Nxh5 1/2-1/2